มุมมองปกติ
มุมมองแบบ MARC
- สำนักงานคณะกรรมการป้องกันและปราบรามการทุจริตแห่งชาติ.
รายการ Corporate Name
001 - CONTROL NUMBER
- control field: 60875
003 - CONTROL NUMBER IDENTIFIER
- control field: NALT
005 - DATE AND TIME OF LATEST TRANSACTION
- control field: 20230515135701.0
008 - FIXED-LENGTH DATA ELEMENTS
- fixed length control field: 230515|| aca||aabn | a|a d
040 ## - CATALOGING SOURCE
- Original cataloging agency: NALT
110 2# - HEADING--CORPORATE NAME
- Corporate name or jurisdiction name as entry element: สำนักงานคณะกรรมการป้องกันและปราบรามการทุจริตแห่งชาติ.
- Subordinate unit: สำนักการขัดกันแห่งผลประโยชน์
